चरक संहिता (Record no. 1023335)

MARC details
000 -LEADER
fixed length control field 00828nam a2200253Ia 4500
003 - CONTROL NUMBER IDENTIFIER
control field OSt
005 - DATE AND TIME OF LATEST TRANSACTION
control field 20221005111928.0
008 - FIXED-LENGTH DATA ELEMENTS--GENERAL INFORMATION
fixed length control field 221004b |||||||| |||| 00| 0 hin d
037 ## - SOURCE OF ACQUISITION
Terms of availability Textual
040 ## - CATALOGING SOURCE
Original cataloging agency CRL
Transcribing agency CRL
Language of cataloging hin
041 ## - LANGUAGE CODE
Source of code hin
Language code of text/sound track or separate title hin
100 ## - MAIN ENTRY--PERSONAL NAME
Personal name त्रिपाठी, ब्रहमानन्द
245 #0 - TITLE STATEMENT
Title चरक संहिता
246 ## - VARYING FORM OF TITLE
Title proper/short title Charak sanhitā
250 ## - EDITION STATEMENT
Edition statement 5वीं
260 ## - PUBLICATION, DISTRIBUTION, ETC.
Place of publication, distribution, etc. वाराणसी
Name of publisher, distributor, etc. चौखम्बा सुरभारती प्रकाशन भारत
Date of publication, distribution, etc. 1997
300 ## - PHYSICAL DESCRIPTION
Extent 1051450पृ0
Dimensions cm.
942 ## - ADDED ENTRY ELEMENTS (KOHA)
Classification part LBx1,1, N7.1-.2
Koha item type Textual
Source of classification or shelving scheme
Holdings
Withdrawn status Lost status Damaged status Not for loan Home library Current library Date acquired Total Checkouts Full call number Barcode Date last seen Price effective from Koha item type
        Central Library Central Library 2022-10-05   LBx1,1 N7.1-.2 CL1046358 2022-10-05 2022-10-05 Textual
Copyright @ Delhi University Library System